LEADER 01293nam 2200409 450 001 9910820843103321 005 20201007132237.0 010 $a1-4704-3878-X 035 $a(CKB)4340000000190703 035 $a(MiAaPQ)EBC4908553 035 $a(RPAM)1633018 035 $a(EXLCZ)994340000000190703 100 $a20170809h19961996 uy 0 101 0 $aeng 135 $aurcnu|||||||| 181 $2rdacontent 182 $2rdamedia 183 $2rdacarrier 200 10$aSources of hyperbolic geometry /$fJohn Stillwell 210 1$aProvidence, Rhode Island :$cAmerican Mathematical Society :$cLondon Mathematical Society,$d1996. 210 4$dİ1996 215 $a1 online resource (154 pages) $cillustrations 225 1 $aHistory of Mathematics ;$vVolume 10 311 $a0-8218-0922-9 320 $aIncludes bibliographical references at the end of each chapters and index. 410 0$aHistory of mathematics ;$vVolume 10. 606 $aGeometry, Hyperbolic$xHistory$vSources 615 0$aGeometry, Hyperbolic$xHistory 676 $a516.9 700 $aStillwell$b John$041902 801 0$bMiAaPQ 801 1$bMiAaPQ 801 2$bMiAaPQ 906 $aBOOK 912 $a9910820843103321 996 $aSources of Hyperbolic Geometry$9375547 997 $aUNINA LEADER 01143nas 2200409Ia 450 001 996209659203316 005 20210430220222.0 011 $a1573-4811 035 $a(OCoLC)37662432 035 $a(CKB)954925497064 035 $a(CONSER) 83643374 035 $a(DE-599)ZDB2016993-0 035 $a(EXLCZ)99954925497064 100 $a19970922b19822003 s-- a 101 0 $aeng 135 $aurmnu|||||||| 181 $ctxt$2rdacontent 182 $cc$2rdamedia 183 $acr$2rdacarrier 200 10$aJournal of materials science letters 210 $a[Andover, Hants, United Kingdom] $cChapman & Hall$d-c2003 300 $aRefereed/Peer-reviewed 311 $a0261-8028 531 $aJ MATER SCI LETT 531 $aJ MAT SCI L 606 $aMaterials$vPeriodicals 606 $aMataeriaux$vPaeriodiques 606 $aMaterials$2fast$3(OCoLC)fst01011772 608 $aPeriodicals.$2fast 615 0$aMaterials 615 6$aMataeriaux 615 7$aMaterials. 676 $a620.1/1/05 906 $aJOURNAL 912 $a996209659203316 996 $aJournal of materials science letters$9794425 997 $aUNISA